[Event "ICS rated blitz match"]
[Site "204.178.125.65"]
[Date "2000.11.29"]
[Round "?"]
[White "Hossa"]
[Black "Amateur"]
[Result "1-0"]
[WhiteElo "2604"]
[BlackElo "2511"]
[PlyCount "195"]
[EventDate "2000.??.??"]

1. d4 Nf6 2. c4 e5 3. dxe5 Ng4 4. Bf4 Nc6 5. Nf3 Qe7 6. Nc3 Qc5 7. e3 Ncxe5 8.
Nxe5 Nxe5 9. b4 Qd6 10. Qxd6 cxd6 11. Nd5 Kd8 12. Bg3 h5 13. h3 b6 14. f4 Ng6
15. Bd3 h4 16. Bh2 Bb7 17. Rd1 Ne7 18. e4 Nxd5 19. cxd5 Rc8 20. Kd2 f5 21. Rc1
Rxc1 22. Kxc1 Rh5 23. Rd1 fxe4 24. Bxe4 Ke7 25. f5 Kf6 26. Bg1 Ke5 27. Re1 Kf4
28. Kd2 Ba6 29. Bh2+ Kg5 30. Rc1 Bb5 31. Rc7 a5 32. bxa5 bxa5 33. Ra7 Kf6 34.
Rxa5 Bf1 35. Ra8 Kf7 36. Ra7 Ke8 37. a4 Ke7 38. Rc7 Kd8 39. Rc1 Ba6 40. Bg1 Ke7
41. Bd4 Rg5 42. Re1 Kf7 43. Be3 Rh5 44. Rb1 Bc4 45. Kc3 Be2 46. Bd4 Rg5 47. Re1
Ba6 48. Be3 Rh5 49. Ra1 Be7 50. Rb1 Rh8 51. Bd3 Rc8+ 52. Kd2 Ra8 53. Rb4 Bf6
54. Bxa6 Rxa6 55. Kd3 Be5 56. Bf2 Kf6 57. Ke4 Kg5 58. Bb6 Ra8 59. Be3+ Kf6 60.
Bf2 Kg5 61. Kd3 Kxf5 62. Bxh4 Ra5 63. g4+ Kg6 64. Ke4 Bc3 65. Rc4 Rc5 66. Rxc5
dxc5 67. Kd3 Bb4 68. Kc4 Kf7 69. Kb5 Bd2 70. Kxc5 Ke8 71. Bg3 Kd8 72. Kb5 g5
73. h4 Bf4 74. Bxf4 gxf4 75. Kc4 f3 76. Kd3 Kc7 77. Ke3 Kd6 78. Kxf3 Kxd5 79.
a5 Kc6 80. a6 Kb6 81. a7 Kb7 82. a8=Q+ Kxa8 83. Ke3 d6 84. Kd4 Kb7 85. g5 Kc7
86. g6 Kd7 87. g7 Ke7 88. h5 Kf7 89. h6 Kg8 90. Kd5 Kf7 91. Kxd6 Kg8 92. Ke6
Kh7 93. Kf7 Kxh6 94. Kf6 Kh7 95. Kf7 Kh6 96. g8=Q Kh5 97. Qg3 Kh6 98. Qh4# {
Amateur checkmated} 1-0

[Event "ICS rated blitz match"]
[Site "204.178.125.65"]
[Date "2000.11.29"]
[Round "?"]
[White "Amateur"]
[Black "Hossa"]
[Result "1-0"]
[WhiteElo "2499"]
[BlackElo "2616"]
[PlyCount "139"]
[EventDate "2000.??.??"]

1. e4 e5 2. Nf3 Nf6 3. Nxe5 d6 4. Nf3 Nxe4 5. d4 Be7 6. Bd3 Nf6 7. O-O O-O 8.
Re1 Nc6 9. Nc3 Nb4 10. Bg5 Nxd3 11. Qxd3 c6 12. Re2 d5 13. Rae1 Be6 14. Ne5 Re8
15. a4 Qc7 16. Qg3 Rac8 17. h3 b6 18. Bh6 Bf8 19. Re3 Bf5 20. R3e2 Ne4 21. Nxe4
Bxe4 22. Bf4 Qb7 23. Ng4 Re6 24. f3 Bg6 25. Rxe6 fxe6 26. c3 Qa6 27. Ne5 Bc2
28. Qg4 Bf5 29. Qh5 g6 30. Qh4 Qb7 31. Qf2 Bg7 32. g4 Bxe5 33. Rxe5 Bb1 34.
Rxe6 Qd7 35. Qe3 Kf7 36. Rd6 Qe7 37. Be5 Ke8 38. Qe2 Ba2 39. Qc2 Bc4 40. b3 Ba6
41. Qd2 b5 42. axb5 Bxb5 43. Qc1 Bd3 44. Qd1 Bb5 45. Qd2 Ra8 46. c4 dxc4 47.
bxc4 Bxc4 48. Qc3 Bb5 49. Rxc6 g5 50. Rf6 a6 51. Qb3 Rc8 52. Re6 Rc1+ 53. Kg2
Rc2+ 54. Kg3 Rc6 55. Rxe7+ Kxe7 56. Qg8 h6 57. Qg7+ Kd8 58. d5 Rc1 59. Qxh6
Rg1+ 60. Kh2 Rf1 61. Qxg5+ Kc8 62. Qg8+ Kd7 63. Qe6+ Kd8 64. d6 Bd7 65. Bf6+
Kc8 66. Qc4+ Kb7 67. Qc7+ Ka8 68. Bd4 Rf2+ 69. Bxf2 Bxg4 70. Qa7# {
Hossa checkmated} 1-0

[Event "ICS rated blitz match"]
[Site "204.178.125.65"]
[Date "2000.11.29"]
[Round "?"]
[White "Hossa"]
[Black "CosmicJoke"]
[Result "1-0"]
[WhiteElo "2595"]
[BlackElo "2783"]
[PlyCount "112"]
[EventDate "2000.??.??"]

1. e4 c6 2. d4 d5 3. Nc3 dxe4 4. Nxe4 Nd7 5. Nf3 Ngf6 6. Ng3 e6 7. Bd3 c5 8. c3
cxd4 9. Nxd4 Nc5 10. O-O Bd6 11. Bc2 Nd5 12. Ndf5 Bf8 13. Re1 g6 14. Qd4 f6 15.
Nh6 Be7 16. b4 Na6 17. Rd1 Bd7 18. Bb3 Nac7 19. a4 Bd6 20. Bg5 Be5 21. Qxe5
fxe5 22. Bxd8 Rxd8 23. Ne4 Rf8 24. Ng4 Rf4 25. f3 Ke7 26. Nxe5 Be8 27. Rd2 Rf5
28. Nc4 h6 29. Ncd6 Rxd6 30. Nxd6 Kxd6 31. c4 Re5 32. Kf2 Re3 33. c5+ Ke7 34.
Bxd5 Nxd5 35. Rxd5 Rxf3+ 36. gxf3 exd5 37. b5 Bd7 38. Rc1 Kd8 39. Re1 Kc8 40.
Re5 d4 41. Rd5 Bf5 42. Rxd4 Kc7 43. Kg3 Bc2 44. a5 Kc8 45. Rd6 h5 46. Kh4 Ba4
47. Rxg6 Bxb5 48. Re6 Bd7 49. Re3 Kc7 50. Kxh5 Kc6 51. Re7 Bh3 52. Kg5 Kxc5 53.
Rxb7 a6 54. f4 Bg2 55. Rb6 Bd5 56. f5 Kd4 {CosmicJoke resigns} 1-0

[Event "ICS rated blitz match"]
[Site "204.178.125.65"]
[Date "2000.11.29"]
[Round "?"]
[White "Amateur"]
[Black "Hossa"]
[Result "1-0"]
[WhiteElo "2506"]
[BlackElo "2619"]
[PlyCount "127"]
[EventDate "2000.??.??"]

1. e4 c5 2. Nc3 Nc6 3. Nf3 e6 4. d4 cxd4 5. Nxd4 Qc7 6. Bc4 Nxd4 7. Qxd4 Nf6 8.
Be3 e5 9. Qd3 Be7 10. O-O-O a6 11. Nd5 Nxd5 12. Bxd5 O-O 13. h4 Bc5 14. h5 d6
15. h6 g6 16. Bxc5 dxc5 17. Qf3 Qe7 18. Qg3 Qf6 19. Rh4 a5 20. Rd3 Qe7 21. Rh5
Re8 22. Rf3 Be6 23. Qxe5 Qf8 24. Qf4 Ra6 25. Re5 Bxd5 26. Rxd5 Rae6 27. e5 b6
28. g4 Qe7 29. Re3 b5 30. g5 Rd8 31. Rxd8+ Qxd8 32. Rd3 Qc7 33. Rd5 b4 34. Qe3
Qe7 35. Rxc5 Qb7 36. Qf3 Qa6 37. Rc7 f5 38. gxf6 Rxe5 39. Rg7+ Kf8 40. Rxh7 Rf5
41. Qd1 Qxf6 42. Rh8+ Qxh8 43. Qd8+ Kf7 44. Qxh8 Rxf2 45. h7 Rf1+ 46. Kd2 Rf2+
47. Ke3 Rh2 48. Qg8+ Ke7 49. Qg7+ Kd8 50. h8=Q+ Rxh8 51. Qxh8+ Kc7 52. Qg7+ Kb6
53. Qxg6+ Kc5 54. Qa6 Kd5 55. Qxa5+ Kc6 56. Qxb4 Kd5 57. Qb6 Ke5 58. a4 Kf5 59.
a5 Ke5 60. a6 Kd5 61. a7 Ke5 62. a8=Q Kf5 63. Qe4+ Kg5 64. Qbg6# {
Hossa checkmated} 1-0

[Event "ICS rated bullet match"]
[Site "204.178.125.65"]
[Date "2000.11.29"]
[Round "?"]
[White "twixer"]
[Black "Hossa"]
[Result "1-0"]
[WhiteElo "2687"]
[BlackElo "2654"]
[PlyCount "115"]
[EventDate "2000.??.??"]

1. e4 e6 2. d4 d5 3. Nd2 c5 4. exd5 exd5 5. Ngf3 Nc6 6. Bb5 Bd6 7. dxc5 Bxc5 8.
O-O a6 9. Nb3 Bxf2+ 10. Rxf2 axb5 11. Ng5 Nf6 12. Qe2+ Qe7 13. Bf4 O-O 14. Qxb5
Bg4 15. h3 Bf5 16. Qc5 Qxc5 17. Nxc5 Nd4 18. Bd6 Rfe8 19. c3 Nc2 20. Raf1 Bg6
21. Nxb7 Rxa2 22. Bf4 Rxb2 23. Nd6 Re7 24. Ra1 Ne8 25. Ra8 Re1+ 26. Kh2 f6 27.
Nf3 Re7 28. Nh4 Bh5 29. Bc1 Rb6 30. Nc8 Re1 31. Nxb6 Rxc1 32. Nxd5 Kf8 33. Nf5
Ne1 34. Nd6 Nd3 35. Nxe8 Bxe8 36. Rd2 Ne5 37. Nc7 Rxc3 38. Nxe8 Kf7 39. Rdd8
Kg6 40. Ra7 Nf7 41. Rdd7 Ne5 42. Rxg7+ Kf5 43. Nd6+ Ke6 44. Ne4 Rc6 45. Rxh7
Kd5 46. Rh4 Ng6 47. Rg4 f5 48. Ra5+ Kd4 49. Rxf5 Ne5 50. Rgg5 Re6 51. Nd2 Nc6
52. Rd5+ Kc3 53. Rg3+ Kc2 54. Nb3 Rh6 55. Rd2+ Kb1 56. Rc3 Rxh3+ 57. Kxh3 Ne5
58. Rc1# {Hossa checkmated} 1-0

[Event "ICS rated bullet match"]
[Site "204.178.125.65"]
[Date "2000.11.29"]
[Round "?"]
[White "Hossa"]
[Black "twixer"]
[Result "0-1"]
[WhiteElo "2640"]
[BlackElo "2701"]
[PlyCount "64"]
[EventDate "2000.??.??"]

1. e4 e5 2. Nf3 Nc6 3. d4 exd4 4. Nxd4 Bc5 5. Nb3 Bb6 6. Nc3 Qf6 7. Qd2 Nh6 8.
Nd5 Qg6 9. Qf4 O-O 10. Nxb6 axb6 11. f3 d5 12. exd5 Re8+ 13. Kd1 Bf5 14. Qc4
Ne5 15. Qc3 Neg4 16. fxg4 Bxg4+ 17. Qf3 Bxf3+ 18. gxf3 Qf5 19. Be2 Qxd5+ 20.
Nd2 Nf5 21. c4 Ne3+ 22. Ke1 Qd4 23. Nb3 Qh4+ 24. Kd2 Rad8+ 25. Kc3 Qf6+ 26. Nd4
Qxd4+ 27. Kb3 Qd3+ 28. Bxd3 Rxd3+ 29. Kb4 Nc2+ 30. Kb5 Nd4+ 31. Ka4 Ra8+ 32.
Kb4 c5# {Hossa checkmated} 0-1

[Event "ICS rated blitz match"]
[Site "204.178.125.65"]
[Date "2000.11.29"]
[Round "?"]
[White "jumbo"]
[Black "Hossa"]
[Result "0-1"]
[WhiteElo "2082"]
[BlackElo "2598"]
[PlyCount "56"]
[EventDate "2000.??.??"]

1. c4 e5 2. Nc3 Nf6 3. g3 d5 4. cxd5 Nxd5 5. Bg2 Nb6 6. d3 Nc6 7. Nf3 Be7 8.
O-O O-O 9. a3 Bg4 10. b4 a6 11. Bb2 Qd7 12. Rc1 Bh3 13. Ne4 Bxg2 14. Kxg2 Qe6
15. Qc2 Nd7 16. Rfd1 Qg4 17. h3 Qh5 18. Qc4 Nb6 19. Qc3 a5 20. b5 Na4 21. Qb3
Nxb2 22. Qxb2 f5 23. Nc5 Nd4 24. Nxd4 exd4 25. Ne6 Rf7 26. Rxc7 f4 27. Nxf4 Qe5
28. Qb3 Qxc7 {jumbo resigns} 0-1

[Event "ICS rated bullet match"]
[Site "204.178.125.65"]
[Date "2000.11.29"]
[Round "?"]
[White "Akib"]
[Black "Hossa"]
[Result "0-1"]
[WhiteElo "2199"]
[BlackElo "2627"]
[PlyCount "24"]
[EventDate "2000.??.??"]

1. e4 e5 2. Nf3 Nc6 3. d4 exd4 4. Nxd4 Bc5 5. Nxc6 Qf6 6. Qd2 dxc6 7. Nc3 Be6
8. Na4 Bd6 9. f4 O-O-O 10. Qf2 b6 11. e5 Bxe5 12. fxe5 Rd1+ {Akib resigns} 0-1

[Event "ICS rated bullet match"]
[Site "204.178.125.65"]
[Date "2000.11.29"]
[Round "?"]
[White "beat-down"]
[Black "Hossa"]
[Result "0-1"]
[WhiteElo "2055"]
[BlackElo "2631"]
[PlyCount "24"]
[EventDate "2000.??.??"]

1. d4 d5 2. Nf3 Nf6 3. e3 g6 4. Bd3 Bh6 5. O-O O-O 6. Nbd2 Bg4 7. c3 Qc8 8. e4
Bxd2 9. Bxd2 dxe4 10. Be2 exf3 11. Bxf3 Qf5 12. Bxb7 Bxd1 {beat-down resigns}
0-1

[Event "ICS rated bullet match"]
[Site "204.178.125.65"]
[Date "2000.11.29"]
[Round "?"]
[White "Hossa"]
[Black "beat-down"]
[Result "1-0"]
[WhiteElo "2634"]
[BlackElo "2052"]
[PlyCount "23"]
[EventDate "2000.??.??"]

1. e4 d6 2. d4 c5 3. dxc5 dxc5 4. Qxd8+ Kxd8 5. Nc3 Nc6 6. Be3 e5 7. O-O-O+ Bd7
8. Bc4 f6 9. Be6 Nb8 10. Nf3 Ne7 11. Rxd7+ Nxd7 12. Rd1 {beat-down resigns} 1-0

[Event "ICS rated bullet match"]
[Site "204.178.125.65"]
[Date "2000.11.29"]
[Round "?"]
[White "Hossa"]
[Black "beat-down"]
[Result "1-0"]
[WhiteElo "2638"]
[BlackElo "2048"]
[PlyCount "22"]
[EventDate "2000.??.??"]

1. d4 d5 2. c4 c6 3. cxd5 cxd5 4. Nc3 Nf6 5. Nf3 e6 6. e3 Bb4 7. a3 Ba5 8. b4
Bc7 9. Bd3 O-O 10. Nb5 Nbd7 11. Nxc7 a6 {beat-down resigns} 1-0

[Event "ICS rated bullet match"]
[Site "204.178.125.65"]
[Date "2000.11.29"]
[Round "?"]
[White "beat-down"]
[Black "Hossa"]
[Result "0-1"]
[WhiteElo "2047"]
[BlackElo "2639"]
[PlyCount "50"]
[EventDate "2000.??.??"]

1. d4 d5 2. e3 Nf6 3. Nf3 e6 4. Bd3 c5 5. c3 Nc6 6. O-O Bd6 7. Nbd2 O-O 8. dxc5
Bxc5 9. e4 Bd7 10. Re1 Ng4 11. Re2 Nce5 12. Qc2 Nxd3 13. Qxd3 Qb6 14. Nd4 e5
15. N2b3 exd4 16. cxd4 Bd6 17. e5 Bb4 18. Bg5 Bb5 19. Qf3 Qg6 20. Qxg4 h5 21.
Qf3 Bxe2 22. Qxe2 Qxg5 23. a3 Be7 24. Rd1 Qg4 25. Nd2 Qxe2 {beat-down resigns}
0-1

[Event "ICS Rated blitz match"]
[Site "204.178.125.65"]
[Date "2000.11.29"]
[Round "?"]
[White "Hossa"]
[Black "jumbo"]
[Result "1-0"]
[WhiteElo "2600"]
[BlackElo "2069"]
[PlyCount "61"]
[EventDate "2000.??.??"]

1. e4 c5 2. Nc3 Nc6 3. Nf3 g6 4. d4 cxd4 5. Nxd4 Bg7 6. Be3 Nf6 7. Be2 O-O 8.
Qd2 d6 9. O-O-O a6 10. f3 Nxd4 11. Bxd4 Be6 12. g4 Rc8 13. h4 Qa5 14. g5 Nh5
15. Nd5 Qxd2+ 16. Rxd2 Bxd5 17. exd5 Bxd4 18. Rxd4 Rc5 19. Bd3 Rfc8 20. c3 b5
21. Re1 Kf8 22. Kd2 a5 23. a3 R8c7 24. Ke3 e5 25. dxe6 fxe6 26. Rxd6 Ke7 27.
Ra6 b4 28. axb4 axb4 29. cxb4 Re5+ 30. Be4 Ng3 31. Kf4 {jumbo resigns} 1-0

[Event "ICS rated blitz match"]
[Site "204.178.125.65"]
[Date "2000.11.29"]
[Round "?"]
[White "Hossa"]
[Black "Amateur"]
[Result "0-1"]
[WhiteElo "2601"]
[BlackElo "2527"]
[PlyCount "134"]
[EventDate "2000.??.??"]

1. e4 d6 2. d4 Nf6 3. Nc3 c6 4. Nf3 d5 5. e5 Ng8 6. Bd3 Bg4 7. O-O Bh5 8. Bg5
h6 9. Bh4 Qa5 10. Be2 Qb6 11. Na4 Qb4 12. c3 Qa5 13. Nc5 e6 14. Nxb7 Qb6 15.
Qb3 Nd7 16. Qxb6 axb6 17. Rfe1 Rb8 18. Nd6+ Bxd6 19. exd6 Ngf6 20. h3 g5 21.
Bg3 Ne4 22. Bh2 Ra8 23. g4 Bg6 24. Ne5 Nxe5 25. dxe5 h5 26. gxh5 Bxh5 27. f3
Nc5 28. Kg2 Bg6 29. Bg1 Bf5 30. Bxc5 bxc5 31. Rh1 d4 32. a4 d3 33. Bd1 c4 34.
b4 cxb3 35. Bxb3 Ra5 36. Rae1 Kd7 37. Kg3 Rc5 38. c4 Rb8 39. Bd1 Rxc4 40. Rh2
Rb1 41. Rhh1 d2 42. Reg1 Rc5 43. f4 Be4 44. Rh2 Rc3+ 45. Kg4 Bf3+ 46. Kxg5 Rd3
47. Kf6 Rxd1 48. Rg7 Bh5 49. Rg5 Bg6 50. Rgg2 Rd4 51. Rf2 Rg1 52. Rxd2 Rxf4+
53. Kg7 Be4+ 54. Kf8 f6 55. Rhf2 Bf3 56. Rd4 Rf5 57. Rxf3 Rxf3 58. Rg4 Rxg4 59.
hxg4 fxe5+ 60. Kg7 e4 61. g5 e3 62. g6 e2 63. Kh6 e1=Q 64. Kh7 Qh4+ 65. Kg8 Qf6
66. g7 Qf7+ 67. Kh7 Rh3# {Hossa checkmated} 0-1

[Event "ICS rated bullet match"]
[Site "204.178.125.65"]
[Date "2000.11.29"]
[Round "?"]
[White "Hossa"]
[Black "Andy2"]
[Result "1-0"]
[WhiteElo "2640"]
[BlackElo "2238"]
[PlyCount "55"]
[EventDate "2000.??.??"]

1. c4 c6 2. e4 d5 3. cxd5 cxd5 4. exd5 Nf6 5. Nc3 Nxd5 6. Nf3 Nxc3 7. bxc3 g6
8. Bb5+ Bd7 9. Rb1 Bg7 10. O-O O-O 11. d4 Bf5 12. Bd3 Bxd3 13. Qxd3 b6 14. Re1
Nc6 15. Qe4 Rc8 16. Bg5 Qd7 17. d5 Na5 18. Bxe7 Rfe8 19. d6 Rxc3 20. Ng5 Nc6
21. Qd5 Nd8 22. Bxd8 Rxd8 23. Re7 Qf5 24. Qxf7+ Qxf7 25. Nxf7 Rdc8 26. d7 Rc1+
27. Re1 Rxe1+ 28. Rxe1 {Andy2 resigns} 1-0

[Event "ICS rated bullet match"]
[Site "204.178.125.65"]
[Date "2000.11.29"]
[Round "?"]
[White "Dees"]
[Black "Hossa"]
[Result "0-1"]
[WhiteElo "1932"]
[BlackElo "2643"]
[PlyCount "52"]
[EventDate "2000.??.??"]

1. e4 e5 2. d4 exd4 3. Nf3 Nc6 4. Nxd4 Nf6 5. Nxc6 bxc6 6. Qe2 a5 7. e5 Nd5 8.
c4 Ba6 9. Qe4 Bb4+ 10. Bd2 Ne7 11. Nc3 d5 12. exd6 cxd6 13. Bd3 d5 14. cxd5
cxd5 15. Qg4 Bxd3 16. Qxg7 Rg8 17. Qd4 Be4 18. f3 Nc6 19. Qe3 Qh4+ 20. g3 Rxg3
21. O-O-O Rxf3 22. Qb6 Rxc3+ 23. bxc3 Ba3+ 24. Qb2 Rb8 25. Bg5 Bxb2+ 26. Kd2
Qf2# {Dees checkmated} 0-1

[Event "ICS rated bullet match"]
[Site "204.178.125.65"]
[Date "2000.11.29"]
[Round "?"]
[White "Hossa"]
[Black "ChesterX"]
[Result "0-1"]
[WhiteElo "2645"]
[BlackElo "2370"]
[PlyCount "106"]
[EventDate "2000.??.??"]

1. e4 c5 2. Nc3 Nc6 3. Nf3 e5 4. Bb5 d6 5. d3 Nf6 6. O-O Be6 7. Ng5 Bg4 8. f3
Bh5 9. Be3 Be7 10. Qe1 O-O 11. Qh4 Nd4 12. Bxd4 cxd4 13. Ne2 Qb6 14. Ba4 h6 15.
Nh3 Qxb2 16. a3 Qb6 17. Nf2 Qa5 18. Bd7 d5 19. Ng3 Bg6 20. Bf5 dxe4 21. Bxg6
fxg6 22. Ngxe4 Bxa3 23. Nd6 Qd5 24. Nc4 Bb4 25. Rab1 Bc3 26. Qg3 b5 27. Na3
Rab8 28. Qxg6 Qc5 29. Rb3 a5 30. Rfb1 Bb4 31. Ra1 a4 32. Rxb4 Qxb4 33. Ng4 Qc3
34. Nxh6+ Kh8 35. Rd1 Rb7 36. f4 exf4 37. Nb1 Qxc2 38. Rf1 b4 39. Nf5 Qxd3 40.
Qg5 f3 41. Qh4+ Nh7 42. g4 g6 43. Ng3 Qc2 44. Rf2 Qxb1+ 45. Rf1 Qd3 46. Rf2 b3
47. Rb2 Qe3+ 48. Rf2 b2 49. Nf1 b1=Q 50. Kh1 Rb2 51. Qf6+ Nxf6 52. g5 Rxf2 53.
gxf6 Rxf1# {Hossa checkmated} 0-1

[Event "ICS rated bullet match"]
[Site "204.178.125.65"]
[Date "2000.11.29"]
[Round "?"]
[White "ChesterX"]
[Black "Hossa"]
[Result "1-0"]
[WhiteElo "2397"]
[BlackElo "2618"]
[PlyCount "105"]
[EventDate "2000.??.??"]

1. d4 d5 2. c4 dxc4 3. Nf3 Nf6 4. Nc3 a6 5. a4 Nc6 6. e3 Na5 7. Ne5 e6 8. Nxc4
Nc6 9. Bd3 Bb4 10. O-O O-O 11. Bd2 b6 12. Qe2 Bb7 13. Ne4 Nxe4 14. Bxe4 Bxd2
15. Nxd2 Na5 16. Bxb7 Nxb7 17. b4 Qd5 18. Rac1 c5 19. dxc5 bxc5 20. e4 Qd6 21.
Nc4 Qe7 22. b5 axb5 23. axb5 Qh4 24. b6 Rfd8 25. Rfd1 Rd4 26. Ra1 Rxa1 27. Rxa1
Rd8 28. f3 Qg5 29. e5 Qf4 30. Qe4 Qxe4 31. fxe4 Kf8 32. Nd6 Rb8 33. Nxb7 Rxb7
34. Ra8+ Ke7 35. Ra7 Rd7 36. b7 Rxb7 37. Rxb7+ Ke8 38. Kf2 h5 39. Rc7 c4 40.
Rxc4 Kd7 41. Ra4 g5 42. Ra7+ Ke8 43. Ke3 Kf8 44. g3 Kg7 45. h4 g4 46. Kf4 Kg6
47. Re7 Kg7 48. Kg5 Kg8 49. Kf6 Kf8 50. Rd7 Kg8 51. Rd8+ Kh7 52. Kxf7 Kh6 53.
Rh8# {Hossa checkmated} 1-0

[Event "ICS rated blitz match"]
[Site "204.178.125.65"]
[Date "2000.11.29"]
[Round "?"]
[White "HaraldLdahl"]
[Black "Hossa"]
[Result "0-1"]
[WhiteElo "2187"]
[BlackElo "2583"]
[PlyCount "86"]
[EventDate "2000.??.??"]

1. d4 d5 2. Nf3 Nf6 3. e3 g6 4. c4 Bg7 5. Nc3 O-O 6. Bd2 Nc6 7. Be2 dxc4 8.
Bxc4 Bf5 9. O-O e6 10. a3 Qd7 11. b4 a6 12. Qb3 Rfe8 13. Rfd1 b5 14. Be2 Nd5
15. Nxd5 exd5 16. Rac1 Re6 17. Rc5 Rd8 18. Rdc1 Bf8 19. R5c3 Rc8 20. Bf1 Na7
21. Ne1 Bd6 22. Bd3 Ree8 23. Bxf5 Qxf5 24. Nd3 Qh5 25. g3 Qf3 26. Qd1 Qf5 27.
Nc5 Bxc5 28. Rxc5 c6 29. a4 bxa4 30. Qxa4 Qd3 31. Qc2 Qe2 32. Be1 Qf3 33. Qd1
Qf5 34. Qe2 Ra8 35. Qxa6 h6 36. Qe2 h5 37. Qc2 Qh3 38. b5 Nxb5 39. Rxc6 h4 40.
Qc5 hxg3 41. hxg3 Na7 42. Qxd5 Nxc6 43. Qxc6 Rac8 {HaraldLdahl resigns} 0-1

[Event "ICS rated blitz match"]
[Site "204.178.125.65"]
[Date "2000.11.29"]
[Round "?"]
[White "Hossa"]
[Black "HaraldLdahl"]
[Result "1-0"]
[WhiteElo "2586"]
[BlackElo "2184"]
[PlyCount "73"]
[EventDate "2000.??.??"]

1. e4 Nf6 2. e5 Nd5 3. d4 d6 4. Nf3 Bg4 5. Be2 c6 6. O-O Bxf3 7. Bxf3 dxe5 8.
dxe5 e6 9. c4 Ne7 10. Qxd8+ Kxd8 11. Bh5 Ng6 12. Bxg6 hxg6 13. Rd1+ Nd7 14. Nd2
Kc7 15. Nf3 Be7 16. Be3 a5 17. Kf1 Rad8 18. Ke2 Nc5 19. h3 Rxd1 20. Rxd1 Rd8
21. Bxc5 Bxc5 22. Ng5 Rf8 23. Ne4 Be7 24. Rd3 f5 25. Nd6 Bxd6 26. exd6+ Kd7 27.
f4 c5 28. Rg3 Kxd6 29. Rxg6 Rf7 30. Rg3 Kc6 31. Re3 Rf6 32. Kf3 b5 33. cxb5+
Kxb5 34. Rb3+ Kc4 35. Rb7 g6 36. b3+ Kc3 37. Rb5 {HaraldLdahl resigns} 1-0

[Event "ICS rated blitz match"]
[Site "204.178.125.65"]
[Date "2000.11.29"]
[Round "?"]
[White "Hossa"]
[Black "HaraldLdahl"]
[Result "1-0"]
[WhiteElo "2589"]
[BlackElo "2176"]
[PlyCount "41"]
[EventDate "2000.??.??"]

1. d4 f5 2. Nf3 Nf6 3. g3 g6 4. Bg2 Bg7 5. d5 O-O 6. O-O d6 7. Nd4 Qe8 8. Nc3
c6 9. dxc6 bxc6 10. Ncb5 Qd7 11. Nb3 a6 12. Na3 Bb7 13. Na5 d5 14. N3c4 Qc7 15.
Bf4 Qc8 16. Nb6 Qd8 17. Be3 Ng4 18. Nxb7 Qc7 19. Bxd5+ cxd5 20. Qxd5+ e6 21.
Nxa8 {HaraldLdahl resigns} 1-0

[Event "ICS rated blitz match"]
[Site "204.178.125.65"]
[Date "2000.11.29"]
[Round "?"]
[White "HaraldLdahl"]
[Black "Hossa"]
[Result "0-1"]
[WhiteElo "2173"]
[BlackElo "2592"]
[PlyCount "46"]
[EventDate "2000.??.??"]

1. e4 e5 2. Nc3 Nf6 3. g3 Bc5 4. Bg2 Nc6 5. d3 O-O 6. Nf3 d5 7. exd5 Nxd5 8.
O-O Nxc3 9. bxc3 Bg4 10. h3 Bh5 11. g4 Bg6 12. Nd2 Qh4 13. Ne4 Bxe4 14. dxe4
Rfd8 15. Qe2 h6 16. Be3 Bxe3 17. Qxe3 Rd7 18. Rfd1 Rad8 19. Rxd7 Rxd7 20. Bf1
a6 21. Bc4 Ne7 22. Qg3 Qf6 23. Kf1 Qc6 {HaraldLdahl resigns} 0-1

[Event "ICS rated bullet match"]
[Site "204.178.125.65"]
[Date "2000.11.29"]
[Round "?"]
[White "Hossa"]
[Black "landen"]
[Result "1-0"]
[WhiteElo "2593"]
[BlackElo "2177"]
[PlyCount "89"]
[EventDate "2000.??.??"]

1. e4 c6 2. d4 d5 3. Nc3 dxe4 4. Nxe4 Bf5 5. Ng3 Bg6 6. h4 h6 7. Nf3 Nd7 8. h5
Bh7 9. Bd3 Bxd3 10. Qxd3 Ngf6 11. Bf4 Qa5+ 12. Bd2 Qc7 13. O-O-O e6 14. c4
O-O-O 15. Ne4 Nxe4 16. Qxe4 Nf6 17. Qe5 Bd6 18. Qa5 Qxa5 19. Bxa5 Bc7 20. Bb4
Rhe8 21. Kc2 b6 22. Rd3 Ne4 23. Be1 c5 24. Rh4 f5 25. Nd2 Nxd2 26. Bxd2 cxd4
27. Rhxd4 Rxd4 28. Rxd4 Be5 29. Rd3 Kc7 30. Bc3 Bxc3 31. Rxc3 Kc6 32. b4 e5 33.
c5 b5 34. Ra3 Kd5 35. Rxa7 Kc4 36. a3 e4 37. Rxg7 f4 38. Rf7 f3 39. gxf3 e3 40.
fxe3 Rxe3 41. Rf4+ Kd5 42. Rf6 Rxa3 43. c6 Kd4 44. Rd6+ Ke5 45. c7 {
landen resigns} 1-0

[Event "ICS rated blitz match"]
[Site "204.178.125.65"]
[Date "2000.11.29"]
[Round "?"]
[White "Hossa"]
[Black "QueenMaxima"]
[Result "1-0"]
[WhiteElo "2597"]
[BlackElo "2497"]
[PlyCount "123"]
[EventDate "2000.??.??"]

1. e4 e5 2. Nf3 Nc6 3. Bb5 a6 4. Ba4 Nf6 5. O-O Be7 6. Re1 b5 7. Bb3 Bb7 8. d4
exd4 9. e5 Ng8 10. Nxd4 Nxd4 11. Qxd4 h5 12. Bd5 Bxd5 13. Qxd5 c6 14. Qd3 h4
15. Rd1 h3 16. gxh3 Rh5 17. Bf4 Rh4 18. Qf3 Bg5 19. Bg3 Rxh3 20. Nc3 a5 21. Ne4
Be7 22. e6 fxe6 23. Qg4 Rxg3+ 24. hxg3 Kf8 25. Qg6 Qe8 26. Qxe8+ Kxe8 27. Nd6+
Bxd6 28. Rxd6 Nf6 29. Rd3 a4 30. Kg2 a3 31. Rxa3 Rxa3 32. bxa3 Ke7 33. Rd1 e5
34. Re1 Ke6 35. Kf3 d6 36. Rh1 Kf5 37. Rh8 e4+ 38. Ke2 Nd5 39. Rc8 c5 40. Kd2
Nb6 41. Rb8 Nc4+ 42. Kc3 Nxa3 43. Kb3 Nc4 44. Rxb5 Nd2+ 45. Kc3 Nf3 46. Kc4 Ke5
47. Rb7 g5 48. a4 g4 49. a5 Nd2+ 50. Kc3 e3 51. fxe3 Ne4+ 52. Kb2 Nxg3 53. a6
Nf5 54. a7 Nxe3 55. Re7+ Kd4 56. a8=Q Nc4+ 57. Kc1 Ne5 58. Re6 Kc4 59. Rxd6
Nd3+ 60. cxd3+ Kb5 61. Qb7+ Ka4 62. Ra6# {QueenMaxima checkmated} 1-0

[Event "ICS rated bullet match"]
[Site "204.178.125.65"]
[Date "2000.11.29"]
[Round "?"]
[White "Hossa"]
[Black "bramken"]
[Result "1-0"]
[WhiteElo "2596"]
[BlackElo "2056"]
[PlyCount "39"]
[EventDate "2000.??.??"]

1. e4 c5 2. Nf3 d6 3. d4 cxd4 4. Nxd4 Nf6 5. Nc3 g6 6. Be2 Bg7 7. O-O O-O 8.
Bg5 Nc6 9. Nb3 a6 10. Qd2 b5 11. Qf4 Na5 12. Nxa5 Qxa5 13. Bxf6 Bxf6 14. Nd5
Bxb2 15. Nxe7+ Kh8 16. Qxd6 Be6 17. Rab1 Bg7 18. a3 Rfd8 19. Qg3 Qxa3 20. Qxa3
{bramken resigns} 1-0

[Event "ICS rated blitz match"]
[Site "204.178.125.65"]
[Date "2000.11.30"]
[Round "?"]
[White "PostModernist"]
[Black "Hossa"]
[Result "1-0"]
[WhiteElo "2596"]
[BlackElo "2609"]
[PlyCount "81"]
[EventDate "2000.??.??"]

1. e4 c5 2. c3 e6 3. d4 d5 4. e5 Nc6 5. Nf3 Bd7 6. a3 f6 7. b4 cxd4 8. cxd4
fxe5 9. dxe5 Qc7 10. Bb2 Nh6 11. Bd3 Nf7 12. Qe2 a5 13. b5 Na7 14. O-O Bc5 15.
Rc1 b6 16. Nc3 Qb7 17. Na4 Be7 18. Bd4 Bd8 19. Rab1 O-O 20. Qe3 Nc8 21. Ra1 Nh6
22. Bb2 Na7 23. Nd4 Bh4 24. f4 Ng4 25. Bxh7+ Kh8 26. Qf3 Bf2+ 27. Kh1 Kxh7 28.
Qxg4 Nxb5 29. Nf3 g6 30. Rc2 Bd4 31. f5 gxf5 32. Qh5+ Kg7 33. Bxd4 Nxd4 34.
Nxd4 Qb8 35. Qg5+ Kf7 36. Nc6 Bxc6 37. Qf6+ Ke8 38. Qxe6+ Kd8 39. Rxc6 Ra7 40.
Rac1 Rd7 41. Nxb6 {Hossa resigns} 1-0

[Event "ICS rated blitz match"]
[Site "204.178.125.65"]
[Date "2000.11.30"]
[Round "?"]
[White "Hossa"]
[Black "PostModernist"]
[Result "1-0"]
[WhiteElo "2592"]
[BlackElo "2613"]
[PlyCount "77"]
[EventDate "2000.??.??"]

1. e4 Nc6 2. Nf3 f5 3. exf5 d5 4. Bb5 Bxf5 5. Ne5 Qd6 6. d4 Bd7 7. Bxc6 Bxc6 8.
O-O Qe6 9. Nc3 O-O-O 10. Nxc6 Qxc6 11. Bf4 a6 12. Re1 g6 13. Qd2 Bg7 14. Be5
Nf6 15. a4 Rhf8 16. b4 Qc4 17. Nd1 Rde8 18. Ra3 Kb8 19. Nb2 Qc6 20. Rc3 Qd7 21.
Rxc7 Qxc7 22. Bxc7+ Kxc7 23. f3 Nd7 24. Qc3+ Kb8 25. Nd3 Rc8 26. Qb2 Bf6 27. a5
Rc4 28. c3 Rc6 29. b5 axb5 30. Rb1 Rc7 31. Qxb5 e6 32. a6 Rd8 33. Nb4 b6 34.
Nc6+ Kc8 35. Ra1 Rh8 36. Qa4 Nb8 37. a7 Rxa7 38. Nxa7+ Kb7 39. Nb5 {
PostModernist resigns} 1-0